<The> Oxford handbook of the European Union
Na minha lista:
| Outros Autores: | , , |
|---|---|
| Formato: | Livro |
| Idioma: | inglês |
| Publicado em: |
New York
Oxford University Press
2014
|
| Assuntos: | |
| Tags: |
Sem tags, seja o primeiro a adicionar uma tag!
|
MARC
| LEADER | 00000nam a2200000 4500 | ||
|---|---|---|---|
| 001 | 0230139 | ||
| 005 | 20230109114736.9 | ||
| 020 | |a 978-0-19-871479-8 | ||
| 020 | |a 978-0-19-954628-2 | ||
| 041 | 0 | |a eng | |
| 044 | |a US | ||
| 245 | 1 | 0 | |a <The> Oxford handbook of the European Union |c edited by: Erik Jones, Anand Menon, Stephen Weatherill |
| 264 | 1 | |a New York |b Oxford University Press |c 2014 | |
| 300 | |a 893 s. | ||
| 610 | 2 | 0 | |a integrácia ekonomická medzinárodná |
| 610 | 2 | 0 | |a politika medzinárodná |
| 610 | 2 | 0 | |a politika hospodárska medzinárodná |
| 610 | 2 | 0 | |a vzťahy medzinárodné |
| 610 | 2 | 0 | |a Európska únia |
| 700 | 1 | |a Jones, Erik | |
| 700 | 1 | |a Menon, Anand | |
| 700 | 1 | |a Weatherill, Stephen | |